| 000 | 00654nam a2200217 u 4500 | ||
|---|---|---|---|
| 005 | 20240910063651.0 | ||
| 008 | 130826s2010 mx r 000 0 spa d | ||
| 020 | _a9786073100458 | ||
| 035 | _aUPN01000192452 | ||
| 049 | _aI | ||
| 050 | 4 |
_aPQ7889.3 M3.3 _bD4.4 |
|
| 100 | 1 |
_aMachado, Ana María, _d1941- _929089 |
|
| 245 | 1 | 0 |
_aDel otro lado hay secretos / _cAna María Machado ; il. Oscar Rojas ; tr. Rosa S. Corgatelli. |
| 260 |
_aMéxico : _bLumen, _c2010. |
||
| 300 |
_a95 p. : _bil. |
||
| 440 | 0 | _aJuvenil | |
| 650 | 4 |
_aCUENTOS INFANTILES BRASILEÑOS _912222 |
|
| 650 | 4 |
_aIdentidad cultural _99165 |
|
| 905 | _aInfantil | ||
| 999 |
_c164554 _d164554 |
||